Romania number plate county code - Statistics

General Stats
  • This quiz has been taken 25 times
  • The average score is 9 of 10
Answer Stats
code county % Correct
AB Alba
100%
AG Argeş
100%
BC Bacău
100%
BH Bihor
100%
BR Brăila
100%
B Bucharest
100%
BZ Buzău
100%
CL Călărași
100%
CS Caraș-Severin
100%
CJ Cluj
100%
CT Constanța
100%
CV Covasna
100%
DB Dâmbovița
100%
DJ Dolj
100%
GL Galați
100%
GJ Gorj
100%
HD Hunedoara
100%
IL Ialomița
100%
IS Iași
100%
IF Ilfov
100%
MM Maramureș
100%
NT Neamț
100%
PH Prahova
100%
SM Satu Mare
100%
SB Sibiu
100%
SV Suceava
100%
TM Timiș
100%
TL Tulcea
100%
VL Valcea
100%
VN Vrancea
100%
BN Bistrița-Năsăud
75%
BV Brașov
75%
MH Mehedinți
75%
BT Botoșani
67%
GR Giurgiu
67%
SJ Sălaj
67%
HR Harghita
50%
AR Arad
0%
MS Mureș
0%
OT Olt
0%
TR Teleorman
0%
VS Vaslui
0%
No matching quizzes found
Score Distribution
Percent of People with Each Score
Percentile by Number Answered
Your Score History
You have not taken this quiz